Statistics for World Capitals Closest to Rhodes - One Minute Sprint

Click here to take the quiz!

General Stats

  • This quiz has been taken 23 times
  • The average score is 14 of 24

Answer Stats

kmcapitalmiles% Correct
563Ankara350
95%
434Αθήνα Athens269
90%
765Cairo475
80%
486Nicosia302
75%
1430Tripoli888
75%
720Beirut448
70%
805Damascus500
70%
828Jerusalem514
65%
1484Rome922
65%
814Sofia506
65%
865Amman537
60%
908Tirana564
60%
1461Zagreb908
60%
1137Belgrade706
55%
907Bucharest564
55%
1019Podgorica633
55%
920Pristina571
50%
1173Sarajevo729
50%
852Skopje529
50%
1232Valletta765
45%
1515Baghdad941
40%
1180Chișinău733
30%
1488Vatican City924
25%
1479Yerevan919
20%

Score Distribution

Percentile by Number Answered

Percent of People with Each Score

Your Score History

You have not taken this quiz